Normal view
MARC view
- Richmond, Alan James, [from old catalog]
Entry Personal Name
001 - CONTROL NUMBER
- control field: 41735
003 - CONTROL NUMBER IDENTIFIER
- control field: NUST
005 - DATE AND TIME OF LATEST TRANSACTION
- control field: 20210314132125.0
008 - FIXED-LENGTH DATA ELEMENTS
- fixed length control field: 210314|| aca||aabn | a|a d
040 ## - CATALOGING SOURCE
- Original cataloging agency: NUST
- Transcribing agency: NUST
100 ## - HEADING--PERSONAL NAME
- Personal name: Richmond, Alan James, [from old catalog]
670 ## - SOURCE DATA FOUND
- Source citation: Work cat.: (NUST): Peck, William John. [from old catalog] 41734, Applied thermodynamics problems for engineers, [1962]
